<?xml version="1.0" encoding="UTF-8"?>
<record
    xmlns:xsi="http://www.w3.org/2001/XMLSchema-instance"
    xsi:schemaLocation="http://www.loc.gov/MARC21/slim http://www.loc.gov/standards/marcxml/schema/MARC21slim.xsd"
    xmlns="http://www.loc.gov/MARC21/slim">

  <leader>03080nam a22003017a 4500</leader>
  <controlfield tag="003">OSt</controlfield>
  <controlfield tag="005">20251202134041.0</controlfield>
  <controlfield tag="007">cr ||||||a|c|a</controlfield>
  <controlfield tag="008">221201s2021    mx a|||fom||| 001 0 spa d</controlfield>
  <datafield tag="040" ind1=" " ind2=" ">
    <subfield code="e">rda</subfield>
  </datafield>
  <datafield tag="100" ind1=" " ind2=" ">
    <subfield code="9">185766</subfield>
    <subfield code="a">Ram&#xED;rez Ba&#xF1;os, Cecilia</subfield>
  </datafield>
  <datafield tag="245" ind1="1" ind2=" ">
    <subfield code="a">Proyecto para el establecimiento de un relleno sanitario tipo C, en el municipio de Santa Mar&#xED;a Colotepec, Oaxaca /</subfield>
    <subfield code="c">por Cecilia Ram&#xED;rez Ba&#xF1;os, director de tesis Francisco Razo L&#xF3;pez.</subfield>
  </datafield>
  <datafield tag="264" ind1=" " ind2="1">
    <subfield code="a">Chapingo, M&#xE9;xico :</subfield>
    <subfield code="b">El autor,</subfield>
    <subfield code="c">2021.</subfield>
  </datafield>
  <datafield tag="300" ind1=" " ind2=" ">
    <subfield code="a">1 recurso en l&#xED;nea (158 p&#xE1;ginas).</subfield>
    <subfield code="b">cuadros, figuras.</subfield>
  </datafield>
  <datafield tag="336" ind1=" " ind2=" ">
    <subfield code="2">rdacontent</subfield>
    <subfield code="a">texto</subfield>
    <subfield code="b">txt</subfield>
  </datafield>
  <datafield tag="337" ind1=" " ind2=" ">
    <subfield code="2">rdamedia</subfield>
    <subfield code="a">computadora</subfield>
    <subfield code="b">c</subfield>
  </datafield>
  <datafield tag="338" ind1=" " ind2=" ">
    <subfield code="2">rdacarrier</subfield>
    <subfield code="a">recurso en l&#xED;nea</subfield>
    <subfield code="b">cr</subfield>
  </datafield>
  <datafield tag="502" ind1=" " ind2=" ">
    <subfield code="b">IRNR</subfield>
    <subfield code="c">Suelos</subfield>
    <subfield code="d">2021.</subfield>
    <subfield code="g">LIC</subfield>
  </datafield>
  <datafield tag="504" ind1=" " ind2=" ">
    <subfield code="a">Incluye referencias bibliogr&#xE1;ficas: p&#xE1;ginas 131-136.</subfield>
  </datafield>
  <datafield tag="520" ind1=" " ind2=" ">
    <subfield code="a">Se elabor&#xF3; un proyecto para el establecimiento del relleno sanitario en el municipio de Santa Mar&#xED;a Colotepec, Oaxaca. Para la realizaci&#xF3;n de este trabajo, se toma como base el crecimiento poblacional del municipio de estudio, el cual se determin&#xF3; mediante la Tasa de crecimiento geom&#xE9;trico simplificado de Albino-Bocaz y la metodolog&#xED;a descrita por Razo (2017). Para determinar la cantidad de residuos s&#xF3;lidos urbanos (RSU) generados por los habitantes del municipio de estudio, se consideraron los conceptos de los residuos s&#xF3;lidos per c&#xE1;pita y la cuenta de flujos f&#xED;sicos. Datos de la Secretaria de Medio Ambiente y Recursos Naturales (SEMARNAT), y el Instituto Nacional de Estad&#xED;stica y Geograf&#xED;a (INEGI) complementaron el estudio. La composici&#xF3;n de RSU se obtuvo con los datos proporcionados por la SEMARNAT en el Informe del Medio Ambiente del a&#xF1;o 2017. Se determin&#xF3; la ubicaci&#xF3;n del relleno sanitario considerando lo descrito en la Norma Oficial Mexicana NOM-083-SEMARNAT-2003. Para ello se us&#xF3; herramientas de informaci&#xF3;n geogr&#xE1;fica y la metodolog&#xED;a descrita por Alcocer y Bass (2018). La generaci&#xF3;n de lixiviados se calcul&#xF3; por el m&#xE9;todo suizo, mientras el c&#xE1;lculo de la generaci&#xF3;n de biog&#xE1;s se efect&#xFA;o utilizando el Modelo Mexicano de Biog&#xE1;s V. 2. 0. Se dise&#xF1;&#xF3; el plano de las instalaciones y obras auxiliares que exige la Norma Oficial Mexicana NOM-083-SEMARNAT-2003 para el establecimiento de un sitio de disposici&#xF3;n final. La informaci&#xF3;n anterior facilit&#xF3; la ingenier&#xED;a del proyecto, la organizaci&#xF3;n de la empresa y la evaluaci&#xF3;n financiera de este. Finalmente se muestran los datos de viabilidad econ&#xF3;mica del proyecto, los posibles sitios para su establecimiento y sugerencias para la administraci&#xF3;n y manejo del relleno sanitario durante su vida &#xFA;til.</subfield>
  </datafield>
  <datafield tag="650" ind1=" " ind2="4">
    <subfield code="9">133828</subfield>
    <subfield code="a">Rellenos sanitarios</subfield>
    <subfield code="x">Dise&#xF1;o y construcci&#xF3;n</subfield>
  </datafield>
  <datafield tag="650" ind1=" " ind2="4">
    <subfield code="9">132274</subfield>
    <subfield code="a">Residuos s&#xF3;lidos</subfield>
    <subfield code="x">Control</subfield>
  </datafield>
  <datafield tag="650" ind1=" " ind2="4">
    <subfield code="9">74106</subfield>
    <subfield code="a">Medio ambiente</subfield>
    <subfield code="x">Protecci&#xF3;n</subfield>
  </datafield>
  <datafield tag="650" ind1=" " ind2="4">
    <subfield code="9">10760</subfield>
    <subfield code="a">Basura</subfield>
    <subfield code="x">Reciclaje</subfield>
  </datafield>
  <datafield tag="700" ind1="1" ind2=" ">
    <subfield code="9">94892</subfield>
    <subfield code="a">Razo L&#xF3;pez, Francisco</subfield>
    <subfield code="e">Director de tesis.</subfield>
  </datafield>
  <datafield tag="856" ind1=" " ind2=" ">
    <subfield code="u">http://10.13.5.2/tesis/tl/2021_SU_Ramirez_Banos_Cecilia.pdf</subfield>
    <subfield code="z">DESCARGAR PDF</subfield>
  </datafield>
  <datafield tag="942" ind1=" " ind2=" ">
    <subfield code="2">Clasificaci&#xF3;n Universidad Aut&#xF3;noma Chapingo</subfield>
    <subfield code="c">TD</subfield>
  </datafield>
  <datafield tag="999" ind1=" " ind2=" ">
    <subfield code="c">217906</subfield>
    <subfield code="d">217906</subfield>
  </datafield>
  <datafield tag="952" ind1=" " ind2=" ">
    <subfield code="0">0</subfield>
    <subfield code="1">0</subfield>
    <subfield code="2">local</subfield>
    <subfield code="4">0</subfield>
    <subfield code="5">1</subfield>
    <subfield code="7">0</subfield>
    <subfield code="8">TesDigL</subfield>
    <subfield code="a">BD</subfield>
    <subfield code="b">BD</subfield>
    <subfield code="c">E_L</subfield>
    <subfield code="d">2023-01-27</subfield>
    <subfield code="l">0</subfield>
    <subfield code="o">Tesis digital</subfield>
    <subfield code="r">2023-01-27 00:00:00</subfield>
    <subfield code="w">2023-01-27</subfield>
    <subfield code="y">TD</subfield>
  </datafield>
</record>
